Placements de la Suède aux Championnats d'Europe - Statistiques

Statistiques générales
  • Ce quiz a été pris 2 fois
  • Le résultat moyen est 3 sur 7
Statistiques - réponses
Hint Réponse % Correct
2020 Huitièmes de finale
100%
2000 Phase de groupes
50%
2008 Phase de groupes
50%
2012 Phase de groupes
50%
2004 Quarts de finale
50%
1992 Demi-finale
0%
2016 Phase de groupes
0%
Aucun quiz correspondant
Distribution des résultats
% des personnes avec chaque résultat
Percentile par nombre de réponses
Votre historique - résultats
Vous n’avez pas pris ce quiz